01532nam a2200277 a 4500001001200000003000800012006001900020007001500039008004100054020001500095040002100110035002000131050002800151245045300179260005800632300001100690504004100701533015200742650004100894650001200935655002900947710001700976711011800993856012601111999001701237ebr10046846CaPaEBRm u cr cn|||||||||040211s2003 dcu gsb 100 0 eng d z0309088909 aCaPaEBRcCaPaEBR a(OCoLC)5566384014aQ180.55.M67bE97 2002eb04aThe experiences and challenges of science and ethicsh[electronic resource] :bproceedings of an American-Iranian workshop /cCommittee on the Experiences and Challenges of Science and Ethics in the United States and Iran, in cooperation with the Academy of Sciences of the Islamic Republic of Iran and the Academy of Medical Sciences of the Islamic Republic of Iran ; Policy and Global Affairs, National Research Council of the National Academies. aWashington, D.C. :bNational Academies Press,cc2003. a126 p. aIncludes bibliographical references. aElectronic reproduction.bPalo Alto, Calif. :cebrary,d2009.nAvailable via World Wide Web.nAccess may be limited to ebrary affiliated libraries. 0aResearchxMoral and ethical aspects. 0aEthics. 7aElectronic books.2local2 aebrary, Inc.2 aScience and ethics: Experiences and Challenges in the United States and Iran. Workshopd(2002 :cBellagio, Italy)40uhttp://site.ebrary.com/lib/rucke/Doc?id=10046846zAn electronic book accessible through the World Wide Web; click to view c73121d73121